Olivia Rodrigo song lyrics - No hints ! @10 - Statistics

General Stats
  • This quiz has been taken 100 times
    99 since last reset
  • The average score is 257 of 420
Answer Stats
Answer % Correct
I
100%
(I
100%
you
96%
a
92%
and
80%
And
80%
me
80%
I'm
78%
The
78%
the
78%
your
78%
hear
76%
when
76%
when!
76%
my
69%
My
69%
know
67%
to
67%
you're
67%
You're
67%
it
65%
on
65%
that
65%
all
63%
in
63%
But
61%
but
61%
Can't
61%
can't
61%
ever
61%
him
61%
with
61%
bed
59%
bed!
59%
friend
59%
here
59%
his
59%
just
59%
Just
59%
Oh
59%
as
57%
Like
57%
up
57%
"Ah"
55%
friends
55%
never
55%
not
55%
not)
55%
of
55%
Should
55%
should
55%
we're
55%
where
55%
lie
53%
only
53%
phone
53%
said
53%
said!
53%
see
53%
some
53%
biggest
51%
"Bla
51%
bla
51%
bla"
51%
"Bla"
51%
(Bla-bla-bla-bla-bla-bla)
51%
car
51%
ex
51%
into
51%
It's
51%
it's
51%
men
51%
right
51%
right?
51%
thoughts
51%
thoughts)
51%
Thoughts
51%
Yes
51%
yes
51%
at
49%
bad
49%
brain
49%
he's
49%
idea
49%
I've
49%
new
49%
now
49%
Now
49%
people
49%
probably
49%
reconnect
49%
reconnect?
49%
stop
49%
two
49%
undertone
49%
was
49%
alone
47%
calling
47%
done
47%
fell
47%
god
47%
goes
47%
look
47%
through
47%
cannot
45%
from
45%
Fuck
45%
fucked
45%
Haven't
45%
out
45%
Seeing
45%
seen
45%
sending
45%
sensing
45%
sheets!
45%
tonight
45%
tonight?
45%
tripped
45%
adress
43%
couple
43%
fine
43%
heard
43%
months
43%
much
43%
standing
43%
hotter
41%
or
41%
really
41%
remember
41%
told
41%
asleep
39%
door
39%
sure
39%
whose
39%
gettin'
37%
plans
37%
smiling
37%
floor
35%
second
35%
wrecking
35%
place
31%
pull
27%
Hey
24%
No matching quizzes found
Score Distribution
Percent of People with Each Score
Percentile by Number Answered
Your Score History
You have not taken this quiz since the last reset